000 00507ntaaa2200205 4500
003 01
005 20251027201958.0
008 0714s1973 ag 01
040 _aAR-BaBN
_bspa
_cAR-BaBN
_eaacr
_dRIC
082 _a254.8000 C26
100 _aCashman, Robert
_918215
245 _aThe finances of a church
250 _a1 ed.
260 _aNY :
_bHarper Brothers,
_cc1949
300 _a159 p.
500 _alas finanzas de la iglesia
650 _aFinanzas
_918259
650 _aMayordomía
942 _cBK
999 _c14528
_d14528